Statistics for Current European Presidents

Click here to take the quiz!

General Stats

  • This quiz has been taken 32 times
  • The average score is 8 of 10

Answer Stats

NameCountry% Correct
Emmanuel MacronFrance
100%
Vladimir PutinRussia
100%
Sergio MattarellaItaly
91%
Marcelo Robelo De SousaPortugal
88%
Frank-Walter SteinmeierGermany
84%
Alexander Van De BellenAustria
81%
Petro PoroshenkoUkraine
78%
Ruman RedevBulgaria
75%
Janos AderHungary
75%
Borut PahorSlovenia
66%

Score Distribution

Percentile by Number Answered

Percent of People with Each Score

Your Score History

You have not taken this quiz